000 00698nam a22002177a 4500
003 OSt
005 20231005092315.0
008 221006b |||||||| |||| 00| 0 eng d
040 _cBiblioteca Lado V
082 _a700
_bD411m
100 _91158
_aDennis, Nolan Odwald
_eautor
245 _aMapped/
260 _aArt Group 705
_bMano Blanca
_c2016
300 _c84x110cm
_a1p.
_buna hoja
366 _eeng
650 _2Tesauro de Arte & Arquitectura
_aARTE
_9703
650 _2Tesauro de Arte & Arquitectura
_aRECUERDO
_9702
650 _2Tesauro de Arte & Arquitectura
_aMEMORIA
_9702
650 _2Tesauro de Arte & Arquitectura
_aARTISTAS
942 _2ddc
_c1
_h700
_iD411m
_n0
999 _c4481
_d4481